| 000 | 01174pam a2200313 a 4500 | ||
|---|---|---|---|
| 999 |
_c7473 _d7473 |
||
| 001 | 725127 | ||
| 003 | OSt | ||
| 005 | 20211115101737.0 | ||
| 008 | 980218s1998 njuab b 001 0 eng | ||
| 010 | _a 98013008 | ||
| 020 | _a0138524440 (hardcover) | ||
| 040 |
_aDLC _cDLC _dDLC |
||
| 050 | 0 | 0 |
_aS591 _b.B79 1999 |
| 082 | 0 | 0 |
_a550.BRA 1984 _221 |
| 100 | 1 |
_aBrady, Nyle C. _915309 |
|
| 245 | 1 | 4 |
_aThe nature and properties of soils / _cNyle C. Brady; |
| 250 | _a9th | ||
| 260 |
_aNew York. _bmacmillan Publishing Company, _c1984 |
||
| 300 |
_axvii, 750 p. : _bill. (some col.), maps (some col.) ; _c29 cm. |
||
| 500 | _aColored map of Global soil regions on end papers. | ||
| 500 | _aColored maps of Global Distribution of Acid Soils and Global Desertification Vulnerability on back end papers. | ||
| 504 | _aIncludes bibliographical references and index. | ||
| 650 | 0 |
_aSoil science. _915310 |
|
| 650 | 0 |
_aSoils. _915311 |
|
| 700 | 1 |
_aWeil, Ray R. _915312 |
|
| 906 |
_a7 _bcbc _corignew _d1 _eocip _f19 _gy-gencatlg |
||
| 942 |
_2ddc _cO_SHELF |
||